Poofesure's Miis - Statistics

General Stats
  • This quiz has been taken 191 times
    131 since last reset
  • The average score is 27 of 76
Answer Stats
Hint % Correct
Beef boss
92%
Abby
81%
Poo breath elisa
77%
"bball" Eva
69%
Matt
69%
ass recker Tommy
68%
dudydude
66%
butthole Pierre
66%
Fivehead Theo
66%
"Wii U" Barb
61%
"Wii" Barb
61%
Fishsticks
60%
lil Kim Kim Jong Un
56%
bitch tits Lucia
56%
my-sockey Misaki
56%
Weiner Oscar
55%
spaghetti Eddy
53%
"mean" Helen
53%
Steve
53%
"big D" Tyrone
53%
goldfish Asami
49%
ruh roh Scooby Doo
48%
manly step Steph
48%
hee hee Michael Jackson
47%
familyfued Steve Harvey
47%
Poof
45%
Grasshoper
44%
a lease Alice
43%
Progressive Flo
43%
animal crossing Flo
43%
Grandma
42%
"Dady" Wally
42%
"poopa" Luca
40%
Jesus
39%
Sakura
36%
succubus Marisa
35%
paint dude Bob Ross
34%
"girl" Chris
34%
dora Miyu
31%
Shinnosuke
31%
cwasaunt Carl Wheezer
30%
milf Yoko
30%
Alfie
27%
Gary
27%
hermosa Hiromasa
27%
Moo
27%
"papa" Taylor
27%
flavor town Guy Fieri
26%
"im" Peppa Pig
25%
propane Hank Hill
23%
iCarly
23%
Toad
21%
Subaru Saburo
18%
Toadette
18%
Araceli
17%
Heidi
17%
Kentaro
17%
Selena Gomez
16%
Silke
16%
Dexter
14%
John Wick
14%
Rin
14%
Britney Spears
13%
Shouta
13%
Chowder
12%
Obama
12%
Ariana Grande
10%
Marius
9%
Oprah
9%
Snoop Dogg
9%
Shrek
8%
Dr Phil
6%
Panini
5%
Gazpacho
4%
Albert Einstein
3%
Chewbacca
3%
No matching quizzes found
Score Distribution
Percent of People with Each Score
Percentile by Number Answered
Your Score History
You have not taken this quiz since the last reset